Statistics for All Flags With Black Quiz

Click here to take the quiz!

General Stats

  • This quiz has been taken 12 times
  • The average score is 39 of 50

Answer Stats

Answer% Correct
South Korea
100%
Germany
100%
Kuwait
100%
Belgium
100%
Barbados
90%
Jordan
90%
Albania
90%
Syria
90%
Iraq
90%
Trinidad and Tobago
90%
Yemen
90%
Kenya
90%
Eswatini
90%
South Africa
90%
Bhutan
90%
Bahamas
90%
San Marino
90%
Jamaica
90%
Afghanistan
80%
Tanzania
80%
Brunei
80%
Saint Kitts and Nevis
80%
Saint Lucia
80%
Sudan
80%
United Arab Emirates
80%
Egypt
80%
South Sudan
80%
Libya
80%
Liechtenstein
70%
Lesotho
70%
Moldova
70%
Dominica
70%
Ghana
70%
Papua New Guinea
70%
Angola
70%
Estonia
70%
Malawi
70%
Antigua and Barbuda
70%
Vanuatu
70%
Mozambique
70%
East Timor
70%
Belize
70%
Botswana
60%
Guinea-Bissau
60%
Guyana
60%
Sao Tome & Principe
60%
Zimbabwe
60%
Uganda
60%
Zambia
60%
Equatorial Guinea
50%

Score Distribution

Percentile by Number Answered

Percent of People with Each Score

Your Score History

You have not taken this quiz